¡Llegan los dinosaurios! / (Registro nro. 4344)

Detalles MARC
000 -LEADER
fixed length control field 00866nam a2200205Ia 4500
008 - FIXED-LENGTH DATA ELEMENTS--GENERAL INFORMATION
fixed length control field 191128s2018 ck a br 000 j spa d
020 ## - INTERNATIONAL STANDARD BOOK NUMBER
International Standard Book Number 9789583019210
040 ## - CATALOGING SOURCE
Original cataloging agency CO-JMCR
Transcribing agency CO-JMCR
082 04 - DEWEY DECIMAL CLASSIFICATION NUMBER
Classification number C/
Item number BEAl
100 ## - MAIN ENTRY--PERSONAL NAME
Personal name Beau, Daniel,
Relator term autor
9 (RLIN) 2195
245 11 - TITLE STATEMENT
Title ¡Llegan los dinosaurios! /
Statement of responsibility, etc. Daniel Beau ; ilustración Francois Ruyer
250 ## - EDITION STATEMENT
Edition statement Primera edición
260 ## - PUBLICATION, DISTRIBUTION, ETC.
Place of publication, distribution, etc. Bogotá :
Name of publisher, distributor, etc. Panamericana,
Date of publication, distribution, etc. 2018
300 ## - PHYSICAL DESCRIPTION
Extent 93 páginas :
Other physical details ilustración a color ;
Dimensions 18 cm.
520 ## - SUMMARY, ETC.
Summary, etc. Nina, la hermana de Lalo, quedó traumatizada después de encontrarse en el bosque con… ¡un dinosaurio!. Este es un nuevo misterio que Lalo y su amigo, el sabio Dagoberto, deben desentrañar. Juntos, deciden salir a buscar dinosaurios…
546 ## - LANGUAGE NOTE
Language note spa
650 14 - SUBJECT ADDED ENTRY--TOPICAL TERM
Topical term or geographic name entry element Magia
General subdivision Cuentos infantiles
9 (RLIN) 2196
799 ## - LOCAL ADDED ENTRY--UNIFORM TITLE (RLIN)
Uniform title Ruyer, Francois, ilustrador
942 ## - ADDED ENTRY ELEMENTS (KOHA)
Source of classification or shelving scheme Dewey Decimal Classification
Koha item type Books
Existencias
Withdrawn status Lost status Source of classification or shelving scheme Damaged status Not for loan Collection code Home library Current library Date acquired Source of acquisition Cost, normal purchase price Total Checkouts Full call number Barcode Date last seen Date last checked out Copy number Koha item type
    Dewey Decimal Classification     Fiction Biblioteca Pública José María del Castillo y Rada Biblioteca Pública José María del Castillo y Rada 11/28/2019 Donación 0.00 12 C / BEAl 201809189 03/31/2026 03/31/2026 Ej.1 Books